Recenzia publikácie Pacáková Viera a kolektív (2012): Štatistická indukcia pre ekonómov

Recenzia na publikáciu Pacáková Viera a kol.: Štatistická indukcia pre ekonómov. Charakteristika učebnice. Rozdelenie učebnice do šiestich kapitol. Stručná charakteristika kapitol. Komu je učebnica určená.

Salvato in:
Dettagli Bibliografici
Autore principale: Sivašová, Daniela, 1955-
Natura: Capitolo di libro
Lingua:slovacco
Soggetti:
Tags: Aggiungi Tag
Nessun Tag, puoi essere il primo ad aggiungerne!!

MARC

LEADER 00000naa a2200000 4500
001 0159470
005 20231207083815.9
041 0 |a slo 
044 |a SK 
245 1 0 |a Recenzia publikácie  |b Pacáková Viera a kolektív (2012): Štatistická indukcia pre ekonómov  |c Daniela Sivašová 
520 |a Recenzia na publikáciu Pacáková Viera a kol.: Štatistická indukcia pre ekonómov. Charakteristika učebnice. Rozdelenie učebnice do šiestich kapitol. Stručná charakteristika kapitol. Komu je učebnica určená. 
610 2 0 |a recenzie 
610 2 0 |a indukcia štatistická 
610 2 0 |a učebnice 
100 1 |a Sivašová, Daniela, 1955-